Carregando...

Management of aquatic habitats

Detalhes bibliográficos
Autor principal: Mishra, Smriti Ratna
Formato: Printed Book
Publicado em: Daya Publishing House, Delhi 2002
Assuntos:
LEADER 00502nam a2200193 4500
020
082 |a 577.17 MIS-M 
100 |a Mishra, Smriti Ratna 
245 |a Management of aquatic habitats 
250
260 |a Daya Publishing House, Delhi  |c 2002 
300
490
500
590 |a SUB 
650 |a Environmental management 
942 |c BK 
999 |c 91519  |d 91519 
952 |0 0  |1 0  |4 0  |6 577_170000000000000_MISM  |7 0  |9 104987  |a ZGY  |b ZGY  |l 0  |o 577.17 MIS-M  |p ZGY04055  |r 2019-09-25  |w 2019-09-25  |y BK